[Event "ch-RSCU Rapid"]
[Site "Moscow RUS"]
[Date "2011.01.09"]
[Round "2"]
[White "Nepomniachtchi, Ian"]
[Black "Karjakin, Sergey"]
[Result "1/2-1/2"]
[WhiteElo "2733"]
[BlackElo "2776"]
[PlyCount "60"]
[EventDate "2011.01.09"]

1. e4 e5 2. Nf3 Nc6 3. d4 exd4 4. Nxd4 Nf6 5. Nxc6 bxc6 6. e5 Qe7 7. Qe2 Nd5 8.
c4 Nb6 9. Nc3 Ba6 10. b3 O-O-O 11. g3 f6 12. e6 Qxe6 13. Qxe6 dxe6 14. Bh3 Bb4
15. Bd2 Kb8 16. O-O-O e5 17. Ne4 Bxd2+ 18. Rxd2 Rxd2 19. Kxd2 Bc8 20. Bg2 Rd8+
21. Kc3 Bf5 22. Nc5 Rd6 23. f4 exf4 24. Re1 a5 25. gxf4 Nd7 26. Nxd7+ Rxd7 27.
Bxc6 Rd3+ 28. Kb2 Rd2+ 29. Kc3 Rd3+ 30. Kb2 Rd2+ 1/2-1/2

[Event "ch-RSCU Blitz"]
[Site "Moscow RUS"]
[Date "2011.01.09"]
[Round "1"]
[White "Karjakin, Sergey"]
[Black "Nepomniachtchi, Ian"]
[Result "1-0"]
[WhiteElo "2776"]
[BlackElo "2733"]
[PlyCount "119"]
[EventDate "2011.01.09"]

1. e4 c5 2. Nf3 d6 3. d4 Nf6 4. Nc3 cxd4 5. Nxd4 a6 6. Be2 e5 7. Nb3 Be7 8. O-O
O-O 9. a4 Bd7 10. Be3 Bc6 11. f3 d5 12. exd5 Bxd5 13. a5 Nc6 14. Bb6 Qd7 15.
Nc5 Bxc5+ 16. Bxc5 Rfd8 17. Bb6 Re8 18. Qd2 Ne7 19. Rfd1 Qc6 20. Bf2 Bc4 21.
Bxc4 Qxc4 22. Ra4 Qc7 23. Bb6 Qc6 24. Qd6 Rac8 25. Qxc6 Nxc6 26. Nd5 Nxd5 27.
Rxd5 f6 28. c3 Kf7 29. Ra1 Re7 30. Rad1 h5 31. Kf2 Ke6 32. b4 Nb8 33. Rd6+ Kf7
34. R1d3 Re6 35. Rd8 Re8 36. R8d5 Re6 37. Bc5 Rec6 38. Rd8 Ke6 39. R3d6+ Kf7
40. Rxc6 Rxd8 41. Rc7+ Rd7 42. Rc8 Nc6 43. Ke3 f5 44. g3 g5 45. c4 Nd8 46. b5
Ne6 47. Bb6 f4+ 48. gxf4 gxf4+ 49. Ke2 Kf6 50. bxa6 bxa6 51. Ra8 e4 52. fxe4
Ke5 53. Rxa6 Kxe4 54. Ra8 f3+ 55. Ke1 Re7 56. a6 Nf4 57. a7 Nd3+ 58. Kd2 f2 59.
Rf8 Rd7 60. a8=Q+ 1-0

[Event "ch-RSCU Blitz"]
[Site "Moscow RUS"]
[Date "2011.01.09"]
[Round "2"]
[White "Nepomniachtchi, Ian"]
[Black "Karjakin, Sergey"]
[Result "1-0"]
[WhiteElo "2733"]
[BlackElo "2776"]
[PlyCount "77"]
[EventDate "2011.01.09"]

1. e4 e5 2. Nf3 Nc6 3. d4 exd4 4. Nxd4 Nf6 5. Nxc6 bxc6 6. e5 Qe7 7. Qe2 Nd5 8.
Nd2 Rb8 9. c4 Nb4 10. Nf3 c5 11. g3 Qe6 12. Bg2 Be7 13. O-O Bb7 14. b3 O-O 15.
Bb2 Rfe8 16. Rfe1 h6 17. Bc3 Bf8 18. Rad1 Ba8 19. Bxb4 Rxb4 20. Qd2 Rd8 21. Nh4
Rbb8 22. Bd5 Bxd5 23. cxd5 Qh3 24. Qc2 Rb4 25. Re4 Rxe4 26. Qxe4 Re8 27. Ng2 g5
28. Ne3 Bg7 29. Nc4 d6 30. Re1 Bxe5 31. Qg2 Qd7 32. Qf3 Bd4 33. Re4 Kf8 34. Nd2
Rxe4 35. Nxe4 Qe7 36. g4 Qe5 37. Ng3 Kg7 38. Kg2 Qf6 39. Nh5+ 1-0

[Event "ch-RSCU Blitz"]
[Site "Moscow RUS"]
[Date "2011.01.09"]
[Round "3"]
[White "Karjakin, Sergey"]
[Black "Nepomniachtchi, Ian"]
[Result "1/2-1/2"]
[WhiteElo "2776"]
[BlackElo "2733"]
[PlyCount "77"]
[EventDate "2011.01.09"]

1. e4 c5 2. Nf3 d6 3. d4 cxd4 4. Nxd4 Nf6 5. Nc3 a6 6. Be2 e5 7. Nb3 Be7 8. O-O
O-O 9. a4 Be6 10. Re1 Nc6 11. Bf3 Na5 12. Nxa5 Qxa5 13. Bd2 Qc7 14. a5 h6 15.
Be3 Rac8 16. Re2 Qd7 17. Na4 Bd8 18. Nb6 Bxb6 19. Bxb6 d5 20. Rd2 d4 21. c3 Bg4
22. Bxg4 Nxg4 23. cxd4 exd4 24. Rxd4 Qe6 25. Rd6 Qe5 26. g3 Nf6 27. Qd4 Qb5 28.
Re1 Rc4 29. Qd3 Qb4 30. Qd2 Rxe4 31. Qxb4 Rxb4 32. Re7 Rxb2 33. Rxb7 Ra8 34.
Re7 Rb5 35. Kg2 Nd5 36. Red7 Nxb6 37. axb6 Rb8 38. b7 R5xb7 39. Rxb7 1/2-1/2

[Event "ch-RSCU Blitz"]
[Site "Moscow RUS"]
[Date "2011.01.09"]
[Round "4"]
[White "Nepomniachtchi, Ian"]
[Black "Karjakin, Sergey"]
[Result "1/2-1/2"]
[WhiteElo "2733"]
[BlackElo "2776"]
[Annotator "Friedel,Frederic"]
[PlyCount "74"]
[EventDate "2011.01.09"]

1. e4 e5 2. Nf3 Nc6 3. d4 exd4 4. Nxd4 Nf6 5. Nxc6 bxc6 6. e5 Qe7 7. Qe2 Nd5 8.
Nd2 Bb7 9. g3 O-O-O 10. Bg2 Re8 11. Nf3 f6 12. c4 Nb6 13. O-O fxe5 14. Re1 d6
15. Nd4 Qd7 (15... exd4 16. Qg4+ Qd7 17. Rxe8#) 16. Nb3 h5 17. Na5 d5 18. Nxb7
Kxb7 19. Rd1 Bc5 20. a4 Qg4 21. Qxg4 hxg4 22. cxd5 Nxd5 23. Bxd5 cxd5 24. Rxd5
Kc6 25. Rd3 Rh5 26. Be3 Bxe3 27. Rxe3 Reh8 28. Rc1+ Kd6 29. Rd3+ Ke6 30. Rxc7
Rxh2 31. Kf1 Rf8 32. Rd2 e4 33. Rc4 Ke5 34. Re2 Kd5 35. Rcc2 Rh1+ 36. Kg2 Rfh8
37. Red2+ Ke6 1/2-1/2

[Event "ch-RSCU Blitz"]
[Site "Moscow RUS"]
[Date "2011.01.09"]
[Round "5"]
[White "Nepomniachtchi, Ian"]
[Black "Karjakin, Sergey"]
[Result "1/2-1/2"]
[WhiteElo "2733"]
[BlackElo "2776"]
[PlyCount "104"]
[EventDate "2011.01.09"]

1. e4 e5 2. Nf3 Nc6 3. d4 exd4 4. Nxd4 Nf6 5. Nxc6 bxc6 6. e5 Qe7 7. Qe2 Nd5 8.
Nd2 Bb7 9. g3 g6 10. c4 Nb6 11. Bg2 Bg7 12. O-O O-O 13. Re1 Rfe8 14. Nf3 c5 15.
b3 d6 16. Bb2 dxe5 17. Rad1 Rad8 18. Nxe5 Bxg2 19. Kxg2 Rxd1 20. Qxd1 Qd6 21.
Qa1 Nd7 22. Rd1 Bxe5 23. Rxd6 cxd6 24. Bxe5 Nxe5 25. Qd1 Rd8 26. Qd5 Rd7 27.
Qa8+ Kg7 28. Qe8 Rb7 29. h3 Rb6 30. Qe7 Ra6 31. a4 Nd3 32. Qb7 Nb4 33. f4 Kf6
34. Qd7 h5 35. g4 hxg4 36. hxg4 Kg7 37. g5 Nc2 38. Qb7 Rb6 39. Qxa7 Rxb3 40.
Qe7 Ra3 41. f5 Ne3+ 42. Kf2 Nxf5 43. Qa7 Nd4 44. Qa8 Nb3 45. Qa6 Nd2 46. Ke2
Ne4 47. Qa8 Nc3+ 48. Ke3 Rxa4 49. Qd8 Rxc4 50. Qxd6 Re4+ 51. Kf3 Re6 52. Qxc5
Ne4 1/2-1/2